Nfl team quiz-2 minutes - Statistics

General Stats
  • This quiz has been taken 30 times
    28 since last reset
  • The average score is 24 of 32
Answer Stats
Answer % Correct
Bills
88%
Commanders
88%
Dolphins
88%
Eagles
88%
Patriots
88%
49ers
81%
Cowboys
81%
Giants
81%
Jets
81%
Vikings
81%
Bears
75%
Bengals
75%
Broncos
75%
Chiefs
75%
Lions
75%
Packers
75%
Panthers
75%
Raiders
75%
Rams
75%
Texans
75%
Browns
69%
Cardinals
69%
Falcons
69%
Ravens
69%
Steelers
69%
Colts
63%
Jaguars
63%
Saints
63%
Seahawks
63%
Titans
63%
Chargers
56%
Buccaneers
50%
No matching quizzes found
Score Distribution
Percent of People with Each Score
Percentile by Number Answered
Your Score History
You have not taken this quiz since the last reset